Gastro-intestinal parasites in chicken at rohas commune,rovieng district, preah vihear province, បរាសិតក្នុងប្រដាប់រំលាយអាហារមាន់នៅឃុំរហ័ស ស្រុករវៀង ខេត្តព្រះវិហារ (Record no. 25818)

000 -LEADER
fixed length control field 00575nam a22001217a 4500
040 ## - CATALOGING SOURCE
Transcribing agency RUA
082 ## - DEWEY DECIMAL CLASSIFICATION NUMBER
Classification number AVM SAV 2025 B705 Or.1
100 ## - MAIN ENTRY--AUTHOR NAME
Personal name SAVORN SARAY,សាវន សារាយ
245 ## - TITLE STATEMENT
Title Gastro-intestinal parasites in chicken at rohas commune,rovieng district, preah vihear province, បរាសិតក្នុងប្រដាប់រំលាយអាហារមាន់នៅឃុំរហ័ស ស្រុករវៀង ខេត្តព្រះវិហារ
260 ## - PUBLICATION, DISTRIBUTION, ETC. (IMPRINT)
Place of publication PHNOM PENH
Name of publisher RUA
Year of publication 2025
300 ## - PHYSICAL DESCRIPTION
Number of Pages xi,49p.
Other physical details ill.
Dimensions 29cm.
942 ## - ADDED ENTRY ELEMENTS (KOHA)
Koha item type AVM
952 ## - LOCATION AND ITEM INFORMATION (KOHA)
Withdrawn status [LOCAL, KOHA] 0
952 ## - LOCATION AND ITEM INFORMATION (KOHA)
Withdrawn status [LOCAL, KOHA] 0
Holdings
Permanent Location Date acquired Koha item type Lost status Shelving location Barcode Current Location Full call number
Library Block B2026-05-26AVM B705B712297Library Block BAVM SAV 2025 B705 Or.2
Library Block B2026-05-26AVM B705B713000Library Block DAVM SAV 2025 B705 Or.1
មជ្ឈមណ្ឌលឯការនៃសាកលវិទ្យាល័យភូមិន្ទកសិកម្មចំការដូង

Powered by Koha